| 000 | 00597nam a2200193 i 4500 | ||
|---|---|---|---|
| 001 | bgj | ||
| 100 | 1 | _aO'BRIEN, Edna. | |
| 245 | 1 | 0 |
_aA fanatic heart : _bselected stories of / _cEdna O'Brien. |
| 250 | _aSignet 1st ed. | ||
| 260 |
_a[Philadelphia], Pa : _bThe Franklin Library Franklin Center, _c1984. |
||
| 300 |
_a461 pp ; _c24 cm. |
||
| 500 | _aLimited edition personally signed by the author. | ||
| 505 | _aIncludes a special message from the author. | ||
| 650 | 9 |
_aEnglish fiction _y1945- |
|
| 040 | _cBPK | ||
| 041 | 0 | _aeng | |
| 942 | _cKS | ||
| 008 | s uk f |000 0 eng | ||
| 999 |
_c41356 _d41356 |
||